The Laws Of The Sun (Record no. 90569)
[ view plain ]
| 000 -LEADER | |
|---|---|
| fixed length control field | 00508nam a2200193Ia 4500 |
| 008 - FIXED-LENGTH DATA ELEMENTS--GENERAL INFORMATION | |
| fixed length control field | 230125s9999 xx 000 0 und d |
| 020 ## - INTERNATIONAL STANDARD BOOK NUMBER | |
| International Standard Book Number | 978-81-8495-027-4 |
| 041 ## - LANGUAGE CODE | |
| Language code of text/sound track or separate title | eng |
| 082 ## - DEWEY DECIMAL CLASSIFICATION NUMBER | |
| Classification number | 823 |
| Item number | OKA |
| 100 ## - MAIN ENTRY--PERSONAL NAME | |
| Personal name | Okawa R |
| 9 (RLIN) | 113445 |
| 245 ## - TITLE STATEMENT | |
| Title | The Laws Of The Sun |
| 260 ## - PUBLICATION, DISTRIBUTION, ETC. (IMPRINT) | |
| Date of publication, distribution, etc. | 2009 |
| Name of publisher, distributor, etc. | Jaico Publishing House |
| Place of publication, distribution, etc. | Mumbai |
| 300 ## - PHYSICAL DESCRIPTION | |
| Extent | 247p |
| 500 ## - GENERAL NOTE | |
| Keywords | English Literature;Literature |
| 650 ## - SUBJECT ADDED ENTRY--TOPICAL TERM | |
| Topical term or geographic name as entry element | English Literature |
| 700 ## - ADDED ENTRY--PERSONAL NAME | |
| Personal name | Okawa R |
| 9 (RLIN) | 113445 |
| 906 ## - LOCAL DATA ELEMENT F, LDF (RLIN) | |
| b | 59 |
| Withdrawn status | Lost status | Damaged status | Not for loan | Home library | Current library | Date acquired | Vendor | Cost, normal purchase price | Bill number | Total Checkouts | Full call number | Barcode | Date last seen | Cost, replacement price | Bill Date | Koha item type | Original Barcode |
|---|---|---|---|---|---|---|---|---|---|---|---|---|---|---|---|---|---|
| Smt. Hiraben Nanavati Institute of Management & Research for Women | Smt. Hiraben Nanavati Institute of Management & Research for Women | 03/09/2010 | The Word Book Shop | 295.00 | Wordi/2010/CRB/334 | 823 OKA B08595 | HIMR-BK-8595 | 25/01/2023 | 236.00 | 25/06/2010 | Books | B08595 |